Dejiny kultúry vojvodinských Slovákov zborník prác z medzinárodnej konferencie v Báčskom Petrovci 19. februára 2024

Bibliographic Details
Main Authors: Valentík, Vladimír, 1959- (Author, Compiler, Bookjacket designer, Author of introduction, etc.), Mosnáková Bagľašová, Katarína, 1984- (Author, Compiler, Author of introduction, etc.)
Corporate Author: Dejiny kultúry vojvodinských Slovákov Báčsky Petrovec, Srbsko (Author)
Other Authors: Sudický, Vladimír (Bookjacket designer), Valent-Belić, Zdenka, 1975- (Reviewer), Vujovićová, Daniela (Reviewer)
Format: Conference Proceeding Book
Language:Slovak
Published: Báčsky Petrovec Slovenský kultúrny klub v Srbsku 2025
Subjects:

MARC

LEADER 00000cam a2200000 4500
001 vtls012282855
003 SK-MaSNL
005 20260417095416.0
008 250917s2025 xx hoc g n 100 0 slo
015 |a SNBZSA2026/04 
020 |a 9788683042005  |q (brožované) 
040 |a SNK  |b slo  |c SNK  |e rda 
041 0 |a slo 
043 |a e-rb--- 
044 |a rb  |c RS 
072 7 |a 930.85  |x Dejiny civilizácie. Kultúrne dejiny  |2 konspekt 
080 |a 930.85  |2 2011 
080 |a (=162.4)  |2 2011 
080 |a (497.113)  |2 2011 
080 |a (062.534)  |2 2011 
111 2 |a Dejiny kultúry vojvodinských Slovákov  |d (2025 :  |c Báčsky Petrovec, Srbsko)  |4 aut  |9 676566 
245 1 0 |a Dejiny kultúry vojvodinských Slovákov  |b zborník prác z medzinárodnej konferencie v Báčskom Petrovci 19. februára 2024  |c zostavili Vladimír Valentík a Katarína Mosnáková-Bagľašová 
264 1 |a Báčsky Petrovec  |b Slovenský kultúrny klub v Srbsku  |c 2025 
300 |a 172 strán  |b faksimile, fotografie, portréty  |c 24 cm 
336 |a text  |b txt  |2 rdacontent 
337 |a bez média  |b n  |2 rdamedia 
338 |a zväzok  |b nc  |2 rdacarrier 
500 |a Obsahuje poznámky pod čiarou 
504 |a Obsahuje bibliografiu za jednotlivými príspevkami, bibliografické odkazy 
650 0 7 |a kultúrne dejiny  |2 SNKPH  |9 4307 
650 0 7 |a Slováci  |2 SNKPH  |9 22552 
650 0 7 |a Cultural history  |2 SNKPHeng  |9 267439 
650 0 7 |a Slovaks  |2 SNKPHeng  |9 265192 
651 7 |a Vojvodina (Srbsko)  |2 SNKPHgeo  |9 27375 
651 7 |a Vojvodina (Serbia)  |2 SNKPHeng  |9 265200 
655 7 |a zborníky konferencií  |2 SNKPH  |9 70153 
655 7 |a Proceedings of conferences  |2 SNKPHeng  |9 265791 
700 1 |a Valentík, Vladimír,  |d 1959-  |4 com  |4 bjd  |4 bkd  |4 aui  |4 aut  |9 214568 
700 1 |a Mosnáková Bagľašová, Katarína,  |d 1984-  |4 com  |4 aui  |4 aut  |9 183543 
700 1 |a Sudický, Vladimír  |4 bjd  |4 bkd  |9 496609 
700 1 |a Valent-Belić, Zdenka,  |d 1975-  |4 rev  |9 180917 
700 1 |a Vujovićová, Daniela  |4 rev  |9 676567 
852 |a Slovenská národná knižnica 
919 |a 978-86-83042-00-5 
954 |a odborná, vedecká literatúra pôvodná (slovenská)  |2 lita 
954 |a odborná, vedecká literatúra cudzojazyčná (svetová)  |2 lita 
958 |a ZS 
958 |a NB 
958 |a NM 
999 |c 1046421  |d 1048351 
952 |t 1  |a SNK  |b SNK  |y NEVYP  |7 1  |p 17A1578195  |o snkSC 213781  |i snk2026/4053  |8 2  |g 10.26  |0 0  |1 0  |2 udc  |4 0  |d 2025-11-11  |l 0  |r 2026-02-24 14:39:00  |w 2026-02-24